Walking erect with an unfaltering gaze / (Record no. 89657)

MARC details
000 -LEADER
fixed length control field 00574nam a22001937a 4500
005 - DATE AND TIME OF LATEST TRANSACTION
control field 20141030124247.0
010 ## - LCCN (DPL NO)
LC control number ENG-111091
020 ## - INTERNATIONAL STANDARD BOOK NUMBER
Terms of availability 50.00
International Standard Book Number 9788123770062
035 ## - SYSTEM CONTROL NUMBER
System control number EN-94623
037 ## - SOURCE OF ACQUISITION
Source of stock number/acquisition DBAD/PUB
082 ## - DEWEY DECIMAL CLASSIFICATION NUMBER
Classification number 921
100 ## - MAIN ENTRY--PERSONAL NAME
Personal name Ambai
245 ## - TITLE STATEMENT
Title Walking erect with an unfaltering gaze /
Statement of responsibility, etc by Ambai
260 ## - PUBLICATION, DISTRIBUTION, ETC. (IMPRINT)
Place of publication, distribution, etc New Delhi
Name of publisher, distributor, etc National Book Trust
Date of publication, distribution, etc 2013
270 ## - ADDRESS
City New Delhi
Postal code 110070
Address Nehru Bhawan, 5, Institutional Area, Phase-II, Vasant Kunj
300 ## - PHYSICAL DESCRIPTION
Extent 72p.
Dimensions 20cm(pbk)
490 ## - SERIES STATEMENT
Series statement When I was young
942 ## - ADDED ENTRY ELEMENTS (KOHA)
Source of classification or shelving scheme Dewey Decimal Classification
Item type English Books
Call number suffix AMB
Classification part 921
Holdings
Withdrawn status Lost status Not for loan Collection code Home library Current library Date acquired Source of acquisition Cost, normal purchase price Full call number Barcode Copy number Cost, replacement price Koha item type
    Not For Loan Fiction D.B.Act.Division D.B.Act.Division 27/10/2014 DBAD/PUB 50.00 921 AMB EN-94623 1 50.00 English Books

© Delhi Public Library
Hit Counter
free hit counter